Irrigation in Montana.

Bibliographic Details
Corporate Author: United States. Office of Experiment Stations
Format: Government Document eBook
Language:English
Published: [Washington] : GPO, 1906.
Subjects:
Online Access:Connect to the full text of this electronic document

MARC

Tag First Indicator Second Indicator Subfields
LEADER 00000cam a22000001a 4500
001 in00003622607
005 20190408171623.0
006 m o d f
007 cr bn mmmapmmp
008 141205s1906 dcu o f000 0 eng d
035 |a ebd1909400118 
040 |a UMI  |c UMI  |d UtOrBLW 
086 0 |a A 10.3:172/[1st ed.] 
099 |a A1003-172.1 
110 1 |a United States.  |b Office of Experiment Stations.  |0 http://id.loc.gov/authorities/names/n82110275 
245 1 0 |a Irrigation in Montana. 
264 1 |a [Washington] :  |b GPO,  |c 1906. 
300 |a 1 online resource (109 pages) 
336 |a text  |b txt  |2 rdacontent 
337 |a computer  |b c  |2 rdamedia 
338 |a online resource  |b cr  |2 rdacarrier 
500 |a Most reports include some data, bibliography of relevant publications of Office of Experiment Stations and individual stations, and list of stations and their directors. 
533 |a Electronic reproduction.  |b [Bethesda, Md.] :  |c ProQuest,  |d 2014.  |e digital, PDF file.  |n ProQuest U.S. Executive Branch Documents  |n Mode of access: World Wide Web via ProQuest website. 
588 |a Record is based on online resource; title from PDF title page (ProQuest, last viewed Dec. 2014). Reuse except for individual research requires license from ProQuest, LLC. 
500 |a Electronic resource. 
650 0 |a Irrigation.  |0 http://id.loc.gov/authorities/subjects/sh85068283 
650 0 |a Land use.  |0 http://id.loc.gov/authorities/subjects/sh85074345 
650 0 |a Rivers.  |0 http://id.loc.gov/authorities/subjects/sh85114250 
651 0 |a Montana.  |0 http://id.loc.gov/authorities/names/n80010207 
655 7 |a Electronic books.  |2 local 
856 4 0 |u http://proxy.library.tamu.edu/login?url=http://congressional.proquest.com/congressional/docview/t66.d71.a1003-172.1  |z Connect to the full text of this electronic document  |t 0 
999 f f |s 25125c38-bf51-3057-a26a-45e3494e0fc5  |i 5a500fa3-4596-360e-ac55-38cfc761ce15  |t 0 
952 f f |a Texas A&M University  |b College Station  |c Electronic Resources  |d Available Online  |t 0  |h No information provided 
998 f f |t 0  |l Available Online